| LEADER | 01289nam a2200241 4500 | ||
|---|---|---|---|
| 082 | |a 807 |b TR120V | ||
| 100 | |a Trần Văn Vụ | ||
| 245 | |a Đất nước |c Trần Văn Vụ |b Trích trường ca Mặt đường khát vọng (Nguyễn Khoa Điềm) | ||
| 260 | |a H. |b Giáo dục |c 2008 | ||
| 300 | |a 83 tr. |c 24 cm. | ||
| 520 | |a v.v... | ||
| 653 | |a Văn học | ||
| 653 | |a Ngữ văn | ||
| 653 | |a Lớp 12 | ||
| 653 | |a Dạy học | ||
| 653 | |a Học tập | ||
| 942 | |2 ddc |c STK0 | ||
| 999 | |c 9046 |d 9046 | ||
| 952 | |0 0 |1 0 |2 ddc |4 0 |6 807_000000000000000_TR120V |7 0 |8 800 |9 73941 |a qbu |b qbu |c D5 |d 2015-05-05 |g 13000 |o 807 TR120V |p 8665.c1 |r 0000-00-00 |w 2015-05-05 |y STK0 | ||
| 952 | |0 0 |1 0 |2 ddc |4 0 |6 807_000000000000000_TR120V |7 0 |8 800 |9 73942 |a qbu |b qbu |c D5 |d 2015-05-05 |g 13000 |o 807 TR120V |p 8665.c2 |r 0000-00-00 |w 2015-05-05 |y STK0 | ||
| 952 | |0 0 |1 0 |2 ddc |4 0 |6 807_000000000000000_TR120V |7 0 |8 800 |9 73943 |a qbu |b qbu |c D5 |d 2015-05-05 |g 13000 |o 807 TR120V |p 8665.c3 |r 0000-00-00 |w 2015-05-05 |y STK0 | ||
| 952 | |0 0 |1 0 |2 ddc |4 0 |6 807_000000000000000_TR120V |7 0 |8 800 |9 73944 |a qbu |b qbu |c D5 |d 2015-05-05 |g 13000 |o 807 TR120V |p 8665.c4 |r 0000-00-00 |w 2015-05-05 |y STK0 | ||
| 952 | |0 0 |1 0 |2 ddc |4 0 |6 807_000000000000000_TR120V |7 0 |8 800 |9 73945 |a qbu |b qbu |c D5 |d 2015-05-05 |g 13000 |l 1 |m 1 |o 807 TR120V |p 8665.c5 |r 2017-05-12 |s 2017-04-21 |w 2015-05-05 |y STK0 | ||